| 000 | 00545nam a2200181Ia 4500 | ||
|---|---|---|---|
| 008 | 220216s9999 xx 000 0 und d | ||
| 100 | _aThomas M | ||
| 245 | 0 | _aUse of biochemical factors for early selection in Hevea brasiliensis | |
| 260 |
_bPlacrosym IX, Bangalore, 1990. Journal of Plantation Crops, 20 (Supplement): 306-307 _c1990 |
||
| 650 | _aHevea brasiliensis | ||
| 700 | _aAnnamma Y | ||
| 700 | _aNair N U | ||
| 700 | _aSethuraj M R | ||
| 700 | _aSimon S P | ||
| 700 | _aSreelatha S | ||
| 700 | _aVijayakumar K R | ||
| 942 | _cJS | ||
| 999 |
_c71812 _d71812 |
||